000
00285nam a22001217a 4500
020
_a
9789381421543
082
_a
302.2345
100
_a
Pawan Kumar Saxena
245
_a
Television and social change
260
_a
New Delhi
_b
Random publications
_c
2011
300
_a
304p
942
_c
BK
999
_c
2855
_d
2855